1118 1262 1291 1730 1997 1158 1196 1341 1154 1330 1236 1262 1331 1611 1706 1018 1807 1444 1272 1708 1159 1787 1267 1546 1682 1406 1435 1841 1298 1989 1103 1829 1289 1007 1447 1831 1581 1962 1746 1269 1383 1346 1344 1585 1639 1647 1582 1651 1748 1432 1373 1800 1880 1803 1268 1053 1749 1470 1587 1736 1629 1967 1857 1081 1276 1799 1776 1604 1360 1280 1479 1280 1733 1321 1806 1545 1438 1645 1130 1899 1239 1056 1296 1670 1067 1284 1283 1775 1314 1336 1151 1554 1394 1885 1926 1931 1480 1180 1647 BCNSPRNW ULIB Ver.6.0+V

เปลี่ยนเป็นภาษาไทย

Change to English
 แสดงรายละเอียดบรรณานุกรม
  กลับหน้าหลัก

Brief Record : Get Marc (ISO 2709) : E-mail record : QR code < ปิดหน้าต่าง
LEADER : 00000nam 2200000uu 4500
001    13399112059
003     ULIB
008    110725s2550||||th 000 0 tha d
020    9742131147
020    9789742131142
050  4 H62^bย351ห 2550
100 0  ยุทธ ไกยวรรณ์
245 10 หลักการทำวิจัยและการทำวิทยานิพนธ์ /^cยุทธ ไกยวรรณ์
260    กรุงเทพฯ :^bศูนย์สื่อเสริมกรุงเทพ,^c2550
300    274 หน้า :^bภาพประกอบ ;^c26 ซม.
650  7 สังคมศาสตร์^xวิจัย
650  7 วิทยานิพนธ์^xการเขียน
650  7 การเขียนทางวิชาการ
945    ^p165^l0^i026926
945    ^p165^l0^i026927
995    ทศพร
999 ^a ทศพร
รายการนี้ยังไม่มีแท็ก
คุณยังไม่ได้ล็อกอิน คุณสามารถมีกิจกรรมร่วมกับเว็บไซต์ได้ แต่ต้องล็อกอินก่อน ::
  ล็อกอิน

รายการสื่อสารสนเทศ

ลำดับที่ ประเภท เลขเรียก/บาร์โค้ด สถานที่ สถานะ
- ไม่พบข้อมูล -

รายการใกล้เคียง
    ผู้แต่ง [ยุทธ ไกยวรรณ์]

    หัวเรื่อง [การเขียนทางวิชาการ]

BibComment


ยังไม่เคยถูกคอมเมนท์

คอมเมนท์ทรัพยากรรายการนี้
  คอมเมนท์: หลักการทำวิจัยและ..


 Copyright 2026. Bcnsprnw @Library